Complete the Holiday... With a Picture Quiz Stats

 Plays Quiz Updated Nov 15, 2019

Score 0/20 Timer 05:00
3 Plays Today
% Correct
THANKSgiving
(US: Fourth Thursday
in November)
93%
Pop Goes the WEASEL Day
(June 14)
92.6%
APRIL Fools' Day
(April 1)
90.7%
BOXing Day
(December 26)
90.1%
Answer the TELEPHONE
Like Buddy the Elf Day
(December 18)
89%
MARTIN Luther King Jr. Day
(Third Monday in January)
88.6%
Cinco de MAYO
(May 5)
88.5%
STAR Wars Day
(May 4)
87%
All SAINTS' Day
(November 1)
86%
Open an UMBRELLA
Indoors Day (March 13)
85.3%
% Correct
PALM Sunday
(Sunday before Easter)
85%
Super BOWL Sunday
(First Sunday in February)
83.6%
International Talk Like a
PIRATE Day (September 19)
83.4%
GUINNESS World Records
Day (Thursday of the 2nd
week in November)
82.1%
St. PATRICK's Day
(March 17)
81.7%
GUY Fawkes Night
(November 5)
79.3%
PenteCOST
(Easter + 49 days)
75.4%
ASH Wednesday
(Wednesday in seventh
week before Easter)
73.3%
Eid AL-Fitr
(1 Shawwal)
67.5%
CAPS LOCK DAY
(October 22)
61.5%

You're not logged in!

Compare scores with friends on all Sporcle quizzes.
OR
Log In

Sporcle TV

Today on Sporcle TV


Watch our educational content, quiz creation guides, and fun videos on Sporcle TV.

Show Comments

Extras

Top Quizzes Today


Score Distribution

Your Account Isn't Verified!

In order to create a playlist on Sporcle, you need to verify the email address you used during registration. Go to your Sporcle Settings to finish the process.

Report this User

Report this user for behavior that violates our Community Guidelines.

Details: